| 000 | 00427nam a22001817a 4500 | ||
|---|---|---|---|
| 003 | MPLRDC | ||
| 005 | 20220104123514.0 | ||
| 008 | 210129b ||||| |||| 00| 0 eng d | ||
| 020 | _a7-5406-2868-5 | ||
| 082 | _a091 XDY | ||
| 100 | _a徐道一著 | ||
| 245 |
_a周易与当代自然科学 _c |
||
| 250 | _a一版一刷 | ||
| 260 |
_a _b广东教育出版社 _c1995 |
||
| 300 | _b平 | ||
| 650 | _a | ||
| 942 |
_cBK _o091 XDY |
||
| 999 |
_c11961 _d11951 |
||